[Event "CAN-ch U20"]
[Site "Toronto CAN"]
[Date "2010.04.30"]
[Round "1"]
[White "Mahoney, Ian"]
[Black "Gusev, Nikita"]
[Result "1/2-1/2"]
[WhiteElo "1639"]
[BlackElo "2256"]
[PlyCount "99"]
[EventDate "2010.04.30"]
[EventType "swiss"]
[EventRounds "9"]
[EventCountry "CAN"]

1. e4 c5 2. Nf3 e6 3. d3 Nc6 4. g3 g6 5. Bg2 Bg7 6. O-O Nge7 7. Re1 O-O 8. c3
d5 9. e5 Qc7 10. Bf4 h6 11. h4 b5 12. Nbd2 Rb8 13. d4 c4 14. Nf1 b4 15. Qd2 Kh7
16. N1h2 Qd8 17. Ng4 Ng8 18. Nf6+ Bxf6 19. exf6 Rb6 20. Ne5 Qxf6 21. Nxc6 bxc3
22. bxc3 Rxc6 23. Rab1 Qd8 24. Rb8 Rb6 25. Rb1 Rxb1+ 26. Rxb1 f6 27. Qe2 Re8
28. h5 g5 29. Bc1 Re7 30. Ba3 Rf7 31. Bh3 Qd7 32. Rb8 f5 33. Qe5 Nf6 34. Ra8
Qc6 35. Qb8 Rc7 36. Rxa7 Rxa7 37. Qxa7+ Qd7 38. Qxd7+ Bxd7 39. f3 Nxh5 40. Kf2
Kg6 41. Bd6 Nf6 42. Ke3 Ba4 43. Kd2 g4 44. Bg2 gxf3 45. Bxf3 Ne4+ 46. Bxe4 dxe4
47. Bf4 Kh5 48. Ke3 Kg4 49. Bxh6 Kxg3 50. Bf4+ 1/2-1/2

[Event "CAN-ch U20"]
[Site "Toronto CAN"]
[Date "2010.04.30"]
[Round "1"]
[White "Martchenko, Alexander"]
[Black "Farine, Jonathan"]
[Result "1-0"]
[WhiteElo "2344"]
[BlackElo "1813"]
[PlyCount "49"]
[EventDate "2010.04.30"]
[EventType "swiss"]
[EventRounds "9"]
[EventCountry "CAN"]

1. e4 e5 2. f4 d5 3. exd5 exf4 4. Nf3 Nf6 5. Bc4 Nxd5 6. O-O Be6 7. Bb3 Be7 8.
Qe2 O-O 9. c4 Nf6 10. d4 Bg4 11. Bxf4 Bxf3 12. Rxf3 Qxd4+ 13. Kh1 Bd6 14. Bxd6
cxd6 15. Nc3 Nc6 16. Rd1 Qe5 17. Qf2 Rae8 18. Bc2 Qc5 19. Rxf6 gxf6 20. Qh4 h5
21. Nd5 Re5 22. Nxf6+ Kg7 23. Nd5 Rfe8 24. Qf6+ Kg8 25. Rf1 1-0

[Event "CAN-ch U20"]
[Site "Toronto CAN"]
[Date "2010.04.30"]
[Round "1"]
[White "Sapozhnikov, Roman"]
[Black "Gelis, Paul"]
[Result "1/2-1/2"]
[WhiteElo "2477"]
[BlackElo "2186"]
[PlyCount "104"]
[EventDate "2010.04.30"]
[EventType "swiss"]
[EventRounds "9"]
[EventCountry "CAN"]

1. e4 c6 2. d4 d5 3. e5 Bf5 4. Nf3 e6 5. Be2 c5 6. Be3 Nd7 7. O-O Rc8 8. Nbd2
Bxc2 9. Qe1 c4 10. Rc1 Bg6 11. Qd1 Ne7 12. Nh4 Nf5 13. Nxf5 exf5 14. Qa4 Be7
15. Qb5 O-O 16. Qxd5 Nb6 17. Qxb7 f4 18. Bxf4 Rc7 19. Qf3 Qxd4 20. Be3 Qxb2 21.
Nxc4 Qxa2 22. Nxb6 Rxc1 23. Rxc1 axb6 24. Bxb6 Qb2 25. Qe3 Bg5 26. Qxg5 Qxe2
27. f3 h6 28. Qe3 Qxe3+ 29. Bxe3 Rb8 30. h4 Rb1 31. Rxb1 Bxb1 32. g4 Kh7 33.
Kf2 g6 34. h5 gxh5 35. gxh5 Bc2 36. Kg3 Bd1 37. Bd4 Be2 38. Kf2 Bd1 39. Ke3 Bc2
40. Bb2 Bd1 41. Kf2 Bc2 42. Kg3 Bd1 43. Bc3 Be2 44. Kf4 Bd1 45. Ke4 Bc2+ 46.
Kf4 Bd1 47. Kg3 Be2 48. f4 Bxh5 49. f5 Bd1 50. Kf4 Bb3 51. Be1 Ba2 52. Bh4 Bb3
1/2-1/2

[Event "CAN-ch U20"]
[Site "Toronto CAN"]
[Date "2010.05.01"]
[Round "2"]
[White "Calugar, Arthur"]
[Black "Kleinman, Michael"]
[Result "0-1"]
[WhiteElo "2370"]
[BlackElo "2223"]
[PlyCount "112"]
[EventDate "2010.04.30"]
[EventType "swiss"]
[EventRounds "9"]
[EventCountry "CAN"]

1. b3 Nf6 2. Bb2 g6 3. Nf3 Bg7 4. g3 d6 5. d4 c5 6. Bg2 cxd4 7. Nxd4 d5 8. O-O
O-O 9. Na3 e5 10. Nf3 e4 11. Nd4 e3 12. f4 Ng4 13. Qc1 Qb6 14. c3 Nc6 15. Nac2
Nxd4 16. Nxd4 Bxd4 17. cxd4 Bf5 18. Qc5 Rfc8 19. Qxb6 axb6 20. Rfc1 Nf6 21.
Rxc8+ Rxc8 22. Rc1 Bc2 23. Bf3 Rc6 24. Kg2 Kf8 25. Ba3+ Ke8 26. g4 Ne4 27. g5
f5 28. gxf6 Nxf6 29. Kg3 Kf7 30. h3 Ne4+ 31. Kg2 h6 32. h4 Nf6 33. Kg3 Ne4+ 34.
Kg2 Nf6 35. Bb4 Ke6 36. Bf8 h5 37. Bg7 Ng4 38. Kg3 Rc8 39. Be5 Rc6 40. Bg2 Bd3
41. Rxc6+ bxc6 42. Bf3 Nxe5 43. fxe5 Bb1 44. a3 c5 45. dxc5 bxc5 46. Kf4 Ba2
47. b4 cxb4 48. axb4 Bc4 49. Kg5 Kxe5 50. Kxg6 d4 51. Bxh5 Kf4 52. Kf6 Bb5 53.
Ke6 Bc6 54. Bg6 Be4 55. Bh5 d3 56. exd3 Bf3 0-1

[Event "CAN-ch U20"]
[Site "Toronto CAN"]
[Date "2010.05.01"]
[Round "2"]
[White "Cheng, Bindi"]
[Black "Mahoney, Ian"]
[Result "1-0"]
[WhiteElo "2422"]
[BlackElo "1639"]
[PlyCount "31"]
[EventDate "2010.04.30"]
[EventType "swiss"]
[EventRounds "9"]
[EventCountry "CAN"]

1. d4 d5 2. c4 e6 3. Nf3 c5 4. cxd5 exd5 5. Nc3 Nc6 6. Bg5 Qa5 7. a3 h6 8. b4
cxb4 9. axb4 Qxb4 10. Bd2 Qd6 11. Nb5 Qd7 12. e3 Nf6 13. Ne5 Nxe5 14. dxe5 Ne4
15. Qa4 Nxd2 16. Kxd2 1-0

[Event "CAN-ch U20"]
[Site "Toronto CAN"]
[Date "2010.05.01"]
[Round "2"]
[White "Eumague, Griffen"]
[Black "Itkin, David"]
[Result "0-1"]
[WhiteElo "1635"]
[BlackElo "1922"]
[PlyCount "69"]
[EventDate "2010.04.30"]
[EventType "swiss"]
[EventRounds "9"]
[EventCountry "CAN"]

1. d4 Nf6 2. c4 g6 3. Nc3 Bg7 4. Bg5 Nc6 5. Qd2 d6 6. e4 e5 7. dxe5 Nxe5 8. f4
Nc6 9. O-O-O h6 10. Bxf6 Bxf6 11. e5 dxe5 12. Qxd8+ Bxd8 13. fxe5 O-O 14. Nf3
Re8 15. h3 Bf5 16. Bd3 Bxd3 17. Rxd3 Bg5+ 18. Nxg5 hxg5 19. Nd5 Rxe5 20. Nxc7
Rc8 21. Rd7 Nb8 22. Rd5 Rxd5 23. Nxd5 Rxc4+ 24. Nc3 Nc6 25. Kd2 Kg7 26. Kd3
Ne5+ 27. Kd2 Rf4 28. Ke2 g4 29. g3 Rf3 30. hxg4 Rxg3 31. Kf2 Rxg4 32. Rd1 f5
33. Nd5 Nc6 34. Ne3 Rd4 35. Rg1 0-1

[Event "CAN-ch U20"]
[Site "Toronto CAN"]
[Date "2010.05.01"]
[Round "2"]
[White "Farine, Jonathan"]
[Black "Wang, Jesse BJ"]
[Result "0-1"]
[WhiteElo "1813"]
[BlackElo "2110"]
[PlyCount "80"]
[EventDate "2010.04.30"]
[EventType "swiss"]
[EventRounds "9"]
[EventCountry "CAN"]

1. e4 c5 2. Nc3 Nc6 3. Bb5 Nd4 4. Bc4 e6 5. Nge2 Nf6 6. O-O a6 7. d3 d5 8. exd5
exd5 9. Nxd5 Nxd5 10. Nxd4 cxd4 11. Qh5 Be6 12. Re1 Be7 13. Rxe6 Nf6 14. Rxf6
gxf6 15. Bxf7+ Kd7 16. Qd5+ Kc7 17. Bf4+ Kb6 18. Qb3+ Ka7 19. Bd5 Qb6 20. Qxb6+
Kxb6 21. Re1 Bd8 22. Re6+ Ka7 23. Re4 Rc8 24. Bc4 Bb6 25. f3 Rhe8 26. g4 Rxe4
27. fxe4 Bc7 28. Bd2 Be5 29. Kg2 b5 30. Bb3 Rc7 31. a4 Rg7 32. h3 h5 33. Kf3
hxg4+ 34. hxg4 Rh7 35. Bf4 bxa4 36. Bxa4 Re7 37. Bb3 Kb6 38. Bc4 a5 39. b3 Bxf4
40. Kxf4 Re5 0-1

[Event "CAN-ch U20"]
[Site "Toronto CAN"]
[Date "2010.05.01"]
[Round "2"]
[White "Gusev, Nikita"]
[Black "Gelis, Paul"]
[Result "1-0"]
[WhiteElo "2256"]
[BlackElo "2186"]
[PlyCount "67"]
[EventDate "2010.04.30"]
[EventType "swiss"]
[EventRounds "9"]
[EventCountry "CAN"]

1. e4 c6 2. Nc3 d5 3. Nf3 e6 4. d4 dxe4 5. Nxe4 Nd7 6. Bd3 Ngf6 7. O-O Nxe4 8.
Bxe4 Nf6 9. Bd3 b6 10. Ne5 Bb7 11. c3 Be7 12. Qf3 Qd5 13. Qg3 O-O 14. Bh6 Nh5
15. Qg4 c5 16. f3 cxd4 17. Qxh5 gxh6 18. Be4 Qc5 19. Qg4+ Kh8 20. Nd7 Qc7 21.
Bxb7 Qxd7 22. Bxa8 Rxa8 23. Qxd4+ Qxd4+ 24. cxd4 Rd8 25. Rfd1 Bf6 26. Rac1
Bxd4+ 27. Kf1 Rd7 28. f4 f6 29. Rc6 e5 30. Rxf6 Rc7 31. Rf5 Bxb2 32. fxe5 Re7
33. e6 Rxe6 34. Rf7 1-0

[Event "CAN-ch U20"]
[Site "Toronto CAN"]
[Date "2010.05.01"]
[Round "3"]
[White "Eumague, Griffen"]
[Black "Farine, Jonathan"]
[Result "0-1"]
[WhiteElo "1635"]
[BlackElo "1813"]
[PlyCount "30"]
[EventDate "2010.04.30"]
[EventType "swiss"]
[EventRounds "9"]
[EventCountry "CAN"]

1. d4 Nf6 2. c4 e5 3. d5 Bc5 4. Bg5 Bxf2+ 5. Kxf2 Ng4+ 6. Ke1 Qxg5 7. Nf3 Qe3
8. Qd2 Qf2+ 9. Kd1 Ne3+ 10. Kc1 Nxf1 11. Rxf1 Qxf1+ 12. Kc2 d6 13. Qg5 O-O 14.
Nbd2 Qxa1 15. Ne4 f6 0-1

[Event "CAN-ch U20"]
[Site "Toronto CAN"]
[Date "2010.05.01"]
[Round "3"]
[White "Gelis, Paul"]
[Black "Mahoney, Ian"]
[Result "1-0"]
[WhiteElo "2186"]
[BlackElo "1639"]
[PlyCount "125"]
[EventDate "2010.04.30"]
[EventType "swiss"]
[EventRounds "9"]
[EventCountry "CAN"]

1. d4 d5 2. Nf3 e6 3. c4 c5 4. cxd5 exd5 5. g3 Nf6 6. Bg2 Nc6 7. O-O cxd4 8.
Nxd4 Bc5 9. Nb3 Bb6 10. Nc3 Be6 11. Bg5 O-O 12. Bxd5 Bxd5 13. Bxf6 Bxb3 14.
Bxd8 Bxd1 15. Bxb6 Bxe2 16. Nxe2 axb6 17. Rfd1 Rfd8 18. Nc3 Kf8 19. Nd5 Rd7 20.
a3 Rad8 21. Ne3 Rxd1+ 22. Rxd1 Rxd1+ 23. Nxd1 Ke7 24. Kg2 Kd6 25. Kf3 Kd5 26.
Ne3+ Ke6 27. Ke4 Ne5 28. f4 Nd7 29. b4 f5+ 30. Kd4 b5 31. Nd5 Kd6 32. Nc3 Kc6
33. h3 h5 34. Nd5 Kd6 35. Ne3 Ke6 36. Ng2 b6 37. Nh4 Nb8 38. Ng6 Nc6+ 39. Kd3
Kf7 40. Nh4 Ke6 41. Nf3 Kd6 42. Ng5 Ke7 43. Nf3 Kd6 44. Nd2 Ne7 45. Nb3 Nc6 46.
Nc1 Nd8 47. Ne2 Ne6 48. Nc3 Kc6 49. Ke3 Nc7 50. Ne2 Ne6 51. Kd3 Kd5 52. Nc3+
Kc6 53. Nd1 g6 54. Ne3 Kd6 55. Ng2 Kd5 56. Nh4 Nf8 57. Nf3 Nd7 58. Nd4 Nf6 59.
Nxb5 Ne4 60. Nc3+ Nxc3 61. Kxc3 Ke4 62. a4 Kf3 63. a5 1-0

[Event "CAN-ch U20"]
[Site "Toronto CAN"]
[Date "2010.05.01"]
[Round "3"]
[White "Itkin, David"]
[Black "Cheng, Bindi"]
[Result "0-1"]
[WhiteElo "1922"]
[BlackElo "2422"]
[PlyCount "82"]
[EventDate "2010.04.30"]
[EventType "swiss"]
[EventRounds "9"]
[EventCountry "CAN"]

1. e4 d5 2. exd5 Qxd5 3. Nf3 Nf6 4. Nc3 Qd6 5. d4 a6 6. Bc4 b5 7. Bb3 e6 8. Bg5
Be7 9. Qd2 Bb7 10. O-O-O O-O 11. h4 c5 12. dxc5 Qxd2+ 13. Nxd2 Bxc5 14. Bxf6
gxf6 15. Nde4 Be7 16. Nd6 Bc6 17. Rd3 Rd8 18. Rhd1 Kf8 19. g4 Bxd6 20. Rxd6
Rxd6 21. Rxd6 Ke7 22. Rd4 Nd7 23. f4 Nc5 24. f5 Rg8 25. a4 e5 26. Nd5+ Kf8 27.
Rd1 Rxg4 28. axb5 Nxb3+ 29. cxb3 Bxb5 30. Nxf6 Rxh4 31. Rg1 Bc6 32. Ng4 Rh5 33.
f6 Rg5 34. Rg3 h5 35. Rc3 hxg4 36. Rxc6 Kg8 37. Rxa6 g3 38. Kc2 g2 39. Ra1 g1=Q
40. Rxg1 Rxg1 41. b4 Rf1 0-1

[Event "CAN-ch U20"]
[Site "Toronto CAN"]
[Date "2010.05.01"]
[Round "3"]
[White "Martchenko, Alexander"]
[Black "Kleinman, Michael"]
[Result "1/2-1/2"]
[WhiteElo "2344"]
[BlackElo "2223"]
[PlyCount "38"]
[EventDate "2010.04.30"]
[EventType "swiss"]
[EventRounds "9"]
[EventCountry "CAN"]

1. e4 c5 2. Nf3 Nc6 3. Bb5 g6 4. Bxc6 dxc6 5. O-O Bg7 6. Nc3 e5 7. d3 Ne7 8.
Be3 b6 9. Qd2 h6 10. Ne1 g5 11. g3 Bh3 12. Ng2 Qd7 13. Ne2 f5 14. exf5 Nxf5 15.
Nc3 Nh4 16. gxh4 Bxg2 17. Kxg2 Qg4+ 18. Kh1 Qf3+ 19. Kg1 Qg4+ 1/2-1/2

[Event "CAN-ch U20"]
[Site "Toronto CAN"]
[Date "2010.05.01"]
[Round "3"]
[White "Xu, Haizhou"]
[Black "Thavandiran, Shiyam"]
[Result "0-1"]
[WhiteElo "2037"]
[BlackElo "2455"]
[PlyCount "82"]
[EventDate "2010.04.30"]
[EventType "swiss"]
[EventRounds "9"]
[EventCountry "CAN"]

1. e4 c5 2. Nf3 Nc6 3. d4 cxd4 4. Nxd4 e5 5. Nb5 d6 6. c4 Be7 7. N1c3 a6 8. Na3
f5 9. exf5 Bxf5 10. Bd3 Be6 11. O-O Nf6 12. Nc2 O-O 13. Bg5 Qd7 14. Qd2 Rae8
15. Rae1 Kh8 16. Ne3 Bd8 17. Bxf6 Bxf6 18. Ned5 Bd8 19. a3 Bg8 20. f4 exf4 21.
Rxe8 Qxe8 22. Rxf4 Ne5 23. Bc2 Rxf4 24. Qxf4 Qc6 25. Qf8 Qc5+ 26. Kh1 Qxc4 27.
h3 Qh4 28. Bb3 Qe1+ 29. Kh2 Nf7 30. Ne3 Qxe3 31. Bxf7 Qf4+ 32. Kh1 Qf1+ 33. Kh2
Qxf7 34. Qxd8 Qf4+ 35. Kh1 Qc1+ 36. Kh2 Qf4+ 37. Kh1 Qc1+ 38. Kh2 Qxb2 39. Ne4
Qe5+ 40. Ng3 d5 41. Qd7 b5 0-1

[Event "CAN-ch U20"]
[Site "Toronto CAN"]
[Date "2010.05.02"]
[Round "4"]
[White "Calugar, Arthur"]
[Black "Martchenko, Alexander"]
[Result "1-0"]
[WhiteElo "2370"]
[BlackElo "2344"]
[PlyCount "95"]
[EventDate "2010.04.30"]
[EventType "swiss"]
[EventRounds "9"]
[EventCountry "CAN"]

1. Nf3 g6 2. c4 Bg7 3. Nc3 d6 4. g3 e5 5. Bg2 Nd7 6. d3 Ngf6 7. Bg5 h6 8. Bd2
O-O 9. b4 Kh7 10. a4 a5 11. Rb1 axb4 12. Rxb4 Nc5 13. Be3 e4 14. dxe4 Nfxe4 15.
Nxe4 Nxe4 16. O-O c5 17. Rb3 Rxa4 18. Nh4 Rxc4 19. Qd5 Be6 20. Qxb7 Nc3 21. Rb2
d5 22. Re1 d4 23. Bc1 Bd5 24. Qa7 Re8 25. e4 Bxe4 26. Qxf7 Re7 27. Qxc4 Bd3 28.
Qxd3 Rxe1+ 29. Bf1 Qe8 30. Bd2 Rd1 31. Qf3 Qe2 32. Qxe2 Nxe2+ 33. Kg2 d3 34.
Ra2 c4 35. Bxe2 dxe2 36. Nf3 g5 37. Ba5 g4 38. Ne1 Rd5 39. Bc7 Rd1 40. Rxe2 Bc3
41. Nc2 Bd2 42. Ne3 c3 43. Bf4 Rc1 44. Nf1 Bxf4 45. gxf4 c2 46. Re7+ Kg6 47.
Rc7 Kf5 48. Rxc2 1-0

[Event "CAN-ch U20"]
[Site "Toronto CAN"]
[Date "2010.05.02"]
[Round "4"]
[White "Gelis, Paul"]
[Black "Cheng, Bindi"]
[Result "0-1"]
[WhiteElo "2186"]
[BlackElo "2422"]
[PlyCount "80"]
[EventDate "2010.04.30"]
[EventType "swiss"]
[EventRounds "9"]
[EventCountry "CAN"]

1. d4 d5 2. Nf3 c6 3. c4 Nf6 4. Nc3 a6 5. c5 Nbd7 6. e3 Qc7 7. Be2 e5 8. b4 g6
9. Bb2 e4 10. Nd2 Bg7 11. a4 O-O 12. b5 axb5 13. axb5 Rxa1 14. Qxa1 h5 15. Nb3
Ng4 16. Qa5 Qb8 17. h3 Nxe3 18. fxe3 Qg3+ 19. Kd2 f5 20. Rf1 g5 21. Nd1 f4 22.
Kc1 Qxg2 23. Rf2 Qxh3 24. bxc6 bxc6 25. Qc7 f3 26. Bf1 Qe6 27. Na5 g4 28. Rh2
Nf6 29. Nxc6 g3 30. Bh3 Ng4 31. Ne7+ Qxe7 32. Qxe7 gxh2 33. Bxg4 hxg4 34. Nf2
g3 35. Qd6 gxf2 36. Qxd5+ Kh7 37. Qxe4+ Bf5 38. Qxf3 Bg6 39. Qh3+ Bh6 40. Qf1
Be4 0-1

[Event "CAN-ch U20"]
[Site "Toronto CAN"]
[Date "2010.05.02"]
[Round "4"]
[White "Mahoney, Ian"]
[Black "Farine, Jonathan"]
[Result "0-1"]
[WhiteElo "1639"]
[BlackElo "1813"]
[PlyCount "56"]
[EventDate "2010.04.30"]
[EventType "swiss"]
[EventRounds "9"]
[EventCountry "CAN"]

1. e4 e5 2. Nf3 Nc6 3. Bc4 Nf6 4. Ng5 d5 5. exd5 b5 6. Bf1 Nd4 7. c3 Nxd5 8.
cxd4 Qxg5 9. Bxb5+ Kd8 10. O-O Bb7 11. Qf3 Rb8 12. Nc3 Ne3 13. Bc6 Bxc6 14.
Qxc6 Nxf1 15. Kxf1 exd4 16. d3 Qc5 17. Qxc5 Bxc5 18. Ne4 Be7 19. b3 f5 20. Nd2
Bg5 21. Nc4 Bxc1 22. Rxc1 Rb5 23. f4 Rc5 24. b4 Rc6 25. Re1 Re8 26. h4 Rxe1+
27. Kxe1 Re6+ 28. Kf2 Ke7 0-1

[Event "CAN-ch U20"]
[Site "Toronto CAN"]
[Date "2010.05.02"]
[Round "4"]
[White "Wang, Jesse BJ"]
[Black "Xu, Haizhou"]
[Result "1-0"]
[WhiteElo "2110"]
[BlackElo "2037"]
[PlyCount "81"]
[EventDate "2010.04.30"]
[EventType "swiss"]
[EventRounds "9"]
[EventCountry "CAN"]

1. Nf3 Nf6 2. g3 g6 3. Bg2 Bg7 4. O-O O-O 5. c4 d6 6. d4 Nbd7 7. Nc3 e5 8. d5
a5 9. e4 Nc5 10. Re1 c6 11. b3 cxd5 12. cxd5 Bd7 13. Ba3 Rc8 14. Bf1 Qb6 15.
Nd2 Bh6 16. Bc1 Qc7 17. Bc4 Qb6 18. Kg2 Ng4 19. Qe2 f5 20. h3 f4 21. hxg4 f3+
22. Nxf3 Bxc1 23. Nxe5 Bh6 24. Nxd7 Nxd7 25. Nd1 Qd4 26. Nb2 Rf6 27. Rad1 Qa7
28. Nd3 Rcf8 29. f4 g5 30. e5 Re8 31. Qb2 Rff8 32. f5 dxe5 33. d6+ Kh8 34. Be6
b5 35. Bxd7 Qxd7 36. Nxe5 Qb7+ 37. Kh2 Bg7 38. d7 Rd8 39. Qg2 Qb6 40. Nc6 Rf6
41. Re6 1-0

[Event "CAN-ch U20"]
[Site "Toronto CAN"]
[Date "2010.05.02"]
[Round "5"]
[White "Calugar, Arthur"]
[Black "Thavandiran, Shiyam"]
[Result "0-1"]
[WhiteElo "2370"]
[BlackElo "2455"]
[PlyCount "54"]
[EventDate "2010.04.30"]
[EventType "swiss"]
[EventRounds "9"]
[EventCountry "CAN"]

1. e4 e6 2. d4 d5 3. e5 c5 4. c3 Nc6 5. Nf3 Qb6 6. a3 Nh6 7. b4 cxd4 8. cxd4
Nf5 9. Be3 g6 10. g4 Nxe3 11. fxe3 Bd7 12. Bd3 h5 13. O-O hxg4 14. Ng5 Nxe5 15.
Nxf7 Nxf7 16. Bxg6 O-O-O 17. Bxf7 Bd6 18. Ra2 Rh3 19. Nc3 Rdh8 20. Rff2 Kb8 21.
Qxg4 Qc7 22. Rac2 Rxe3 23. Rf3 e5 24. Qg6 Rxf3 25. Nxd5 Bh3 26. Ne3 Qxf7 27.
Qxd6+ Ka8 0-1

[Event "CAN-ch U20"]
[Site "Toronto CAN"]
[Date "2010.05.02"]
[Round "5"]
[White "Farine, Jonathan"]
[Black "Gelis, Paul"]
[Result "0-1"]
[WhiteElo "1813"]
[BlackElo "2186"]
[PlyCount "84"]
[EventDate "2010.04.30"]
[EventType "swiss"]
[EventRounds "9"]
[EventCountry "CAN"]

1. e4 c6 2. d4 d5 3. exd5 cxd5 4. Bd3 Nc6 5. c3 g6 6. Bf4 Nh6 7. Nf3 Bf5 8. O-O
Bxd3 9. Qxd3 Bg7 10. Re1 O-O 11. Nbd2 Nf5 12. Re2 Rc8 13. Rae1 Re8 14. Ne5 Nd6
15. Nxc6 Rxc6 16. Bg5 Bf8 17. Qh3 Qc7 18. Bf4 Qa5 19. a3 e6 20. Nb3 Qb5 21. Nc5
Rcc8 22. Bxd6 Bxd6 23. Nd3 a5 24. Qe3 Qd7 25. Rc2 b5 26. b4 axb4 27. axb4 Ra8
28. Rb1 Qc7 29. g3 Ra3 30. Nc5 e5 31. Qd2 e4 32. Rbb2 h5 33. Ra2 Rxa2 34. Rxa2
h4 35. Qg5 hxg3 36. fxg3 Bxc5 37. bxc5 Qd7 38. Qe3 Qb7 39. Kf2 b4 40. Ra4 bxc3
41. Qxc3 e3+ 42. Ke2 Qb5+ 0-1

[Event "CAN-ch U20"]
[Site "Toronto CAN"]
[Date "2010.05.02"]
[Round "5"]
[White "Gusev, Nikita"]
[Black "Wang, Jesse BJ"]
[Result "1/2-1/2"]
[WhiteElo "2256"]
[BlackElo "2110"]
[PlyCount "38"]
[EventDate "2010.04.30"]
[EventType "swiss"]
[EventRounds "9"]
[EventCountry "CAN"]

1. e4 c5 2. Nf3 d6 3. d4 cxd4 4. Nxd4 Nf6 5. Nc3 a6 6. Be2 e6 7. O-O Be7 8. Be3
Nc6 9. f4 Bd7 10. a4 Rc8 11. Kh1 h5 12. Bf3 Qc7 13. Qe2 Na5 14. Rad1 Nc4 15.
Bc1 Qa5 16. Nb3 Qc7 17. Rfe1 e5 18. fxe5 Nxe5 19. Nd4 Qc4 1/2-1/2

[Event "CAN-ch U20"]
[Site "Toronto CAN"]
[Date "2010.05.02"]
[Round "5"]
[White "Sapozhnikov, Roman"]
[Black "Martchenko, Alexander"]
[Result "1-0"]
[WhiteElo "2477"]
[BlackElo "2344"]
[PlyCount "97"]
[EventDate "2010.04.30"]
[EventType "swiss"]
[EventRounds "9"]
[EventCountry "CAN"]

1. e4 e5 2. Nf3 Nc6 3. Bb5 a6 4. Ba4 Nf6 5. O-O b5 6. Bb3 Be7 7. Re1 O-O 8. d4
d6 9. c3 Bg4 10. d5 Na5 11. Bc2 c6 12. h3 Bh5 13. dxc6 Qc7 14. Nbd2 Rad8 15.
Qe2 Rfe8 16. a4 Nc4 17. Nxc4 bxc4 18. Qxc4 Bxf3 19. gxf3 Qc8 20. Kg2 Nh5 21. b4
Bh4 22. Be3 Re6 23. Rh1 Rg6+ 24. Kf1 Rf6 25. b5 Rxf3 26. Ke2 Rf6 27. c7 Re8 28.
b6 d5 29. exd5 Nf4+ 30. Kd2 Ng2 31. Qg4 Qb7 32. Qxg2 e4 33. Bxe4 Rxb6 34. Bxb6
Qxb6 35. Rab1 Qxc7 36. Qg4 Bxf2 37. Qf5 Be3+ 38. Kxe3 Qxc3+ 39. Kf2 Qd4+ 40.
Kg2 g6 41. Qf3 Rxe4 42. Rhd1 Qe5 43. d6 Re2+ 44. Kf1 Re3 45. Qf2 Rxh3 46. Rb8+
Kg7 47. Qd4 Rh1+ 48. Kg2 Rh2+ 49. Kg1 1-0

[Event "CAN-ch U20"]
[Site "Toronto CAN"]
[Date "2010.05.02"]
[Round "5"]
[White "Xu, Haizhou"]
[Black "Eumague, Griffen"]
[Result "1-0"]
[WhiteElo "2037"]
[BlackElo "1635"]
[PlyCount "93"]
[EventDate "2010.04.30"]
[EventType "swiss"]
[EventRounds "9"]
[EventCountry "CAN"]

1. e4 d6 2. d4 Nf6 3. Nc3 g6 4. f4 Bg7 5. Nf3 Bg4 6. h3 Bxf3 7. Qxf3 c6 8. Be3
d5 9. e5 Nfd7 10. g4 e6 11. O-O-O b5 12. Bd3 a5 13. f5 Nb6 14. Rdf1 Ra7 15.
Bxb5 cxb5 16. Nxb5 Rf8 17. Nd6+ Kd7 18. f6 Bxf6 19. Qxf6 Nc8 20. Bh6 Nxd6 21.
exd6 Kxd6 22. Bxf8+ Qxf8 23. Qe5+ Kd7 24. Rf3 Nc6 25. Qf4 f5 26. gxf5 exf5 27.
Re1 Qd6 28. Qxd6+ Kxd6 29. c3 Rc7 30. Kb1 Re7 31. Rfe3 Re4 32. Rxe4 dxe4 33.
Kc2 g5 34. Rg1 h6 35. h4 g4 36. Kd2 Ne7 37. c4 h5 38. Ke3 Ng6 39. b3 Nxh4 40.
Kf4 Nf3 41. Rd1 Nh4 42. d5 Ng2+ 43. Kg3 Ne3 44. Rh1 h4+ 45. Rxh4 f4+ 46. Kxf4
Ng2+ 47. Kxg4 1-0

[Event "CAN-ch U20"]
[Site "Toronto CAN"]
[Date "2010.05.03"]
[Round "6"]
[White "Farine, Jonathan"]
[Black "Itkin, David"]
[Result "1-0"]
[WhiteElo "1813"]
[BlackElo "1922"]
[PlyCount "93"]
[EventDate "2010.04.30"]
[EventType "swiss"]
[EventRounds "9"]
[EventCountry "CAN"]

1. e4 d6 2. d4 c5 3. dxc5 Qa5+ 4. Nc3 Qxc5 5. Nf3 Nf6 6. Be2 e6 7. O-O Be7 8.
Be3 Qc7 9. Nb5 Qd8 10. e5 Ne4 11. exd6 Nxd6 12. Bxa7 Nxb5 13. Bxb5+ Bd7 14.
Bxd7+ Nxd7 15. Bd4 O-O 16. Bc3 Qc7 17. Qe2 Nf6 18. a3 Ra4 19. Qb5 Rg4 20. Be5
Qxc2 21. Rac1 Qf5 22. Qxb7 Nd5 23. Bg3 h5 24. Rc8 Rxc8 25. Qxc8+ Kh7 26. h3 Rg6
27. Qc4 Ne3 28. fxe3 Rxg3 29. Kh1 Bd6 30. Qh4 Qb5 31. Rc1 g6 32. Qf6 Kg8 33.
Rc8+ Bf8 34. Nd4 Qd5 35. Qf2 Qd6 36. Nxe6 Qxe6 37. Rxf8+ Kxf8 38. Qxg3 Qc8 39.
Qd6+ Kg8 40. Qd2 Qa6 41. Kh2 Qf6 42. Qd4 Qe7 43. Qf4 Qb7 44. Qe5 Qb6 45. b4 Qa6
46. Qb8+ Kg7 47. b5 1-0

[Event "CAN-ch U20"]
[Site "Toronto CAN"]
[Date "2010.05.03"]
[Round "6"]
[White "Gelis, Paul"]
[Black "Xu, Haizhou"]
[Result "1-0"]
[WhiteElo "2186"]
[BlackElo "2037"]
[PlyCount "119"]
[EventDate "2010.04.30"]
[EventType "swiss"]
[EventRounds "9"]
[EventCountry "CAN"]

1. d4 Nf6 2. Nf3 g6 3. Bg5 Bg7 4. c3 O-O 5. Nbd2 d6 6. e4 Nbd7 7. Be2 c5 8. O-O
a6 9. a4 b6 10. Re1 Bb7 11. Bf1 e5 12. dxe5 Nxe5 13. Nxe5 dxe5 14. f3 Qc7 15.
Qc2 Bc8 16. Bc4 Rb8 17. Nf1 b5 18. axb5 axb5 19. Bxf6 bxc4 20. Bg5 f6 21. Be3
Be6 22. Qf2 Rb5 23. Ra6 Bf7 24. Rea1 Rfb8 25. Bc1 R5b6 26. Ra7 R6b7 27. Rxb7
Rxb7 28. Ra8+ Bf8 29. Qh4 Ra7 30. Rxa7 Qxa7 31. Qxf6 Qa1 32. Be3 Qxb2 33. Qd8
Qb5 34. Nd2 Qc6 35. Bh6 Qd6 36. Qxf8+ Qxf8 37. Bxf8 Kxf8 38. Kf2 Ke7 39. Ke3 g5
40. g3 Kf6 41. f4 exf4+ 42. gxf4 g4 43. e5+ Kf5 44. Ne4 Bg6 45. Nd6+ Ke6 46.
Nxc4 h5 47. Nd6 Bc2 48. Ne4 c4 49. Ng3 h4 50. Ne2 Kd5 51. Nd4 Bh7 52. e6 Bg8
53. f5 Ke5 54. Nc6+ Kd6 55. Nd8 Ke7 56. Nf7 g3 57. hxg3 Bxf7 58. exf7 hxg3 59.
Kf3 Kxf7 60. Kxg3 1-0

[Event "CAN-ch U20"]
[Site "Toronto CAN"]
[Date "2010.05.03"]
[Round "6"]
[White "Kleinman, Michael"]
[Black "Gusev, Nikita"]
[Result "0-1"]
[WhiteElo "2223"]
[BlackElo "2256"]
[PlyCount "80"]
[EventDate "2010.04.30"]
[EventType "swiss"]
[EventRounds "9"]
[EventCountry "CAN"]

1. e4 c5 2. Nc3 e6 3. Nf3 d6 4. g3 Nc6 5. Bg2 Nf6 6. O-O Be7 7. a4 O-O 8. d4
cxd4 9. Nxd4 Bd7 10. g4 Nxd4 11. g5 Nxe4 12. Bxe4 Nc6 13. f4 d5 14. Bxh7+ Kxh7
15. Qh5+ Kg8 16. Rf3 e5 17. f5 Bxf5 18. Rxf5 g6 19. Qh6 Nd4 20. Rf2 Ne6 21. Rf6
Nxg5 22. Bxg5 Bxf6 23. Bxf6 Qb6+ 24. Kg2 Qxf6 25. Nxd5 Qe6 26. c4 Rad8 27. Rd1
Rxd5 28. Rxd5 Qg4+ 29. Kf2 Qxc4 30. Rxe5 Qxa4 31. Qe3 Rd8 32. b3 Qc6 33. Kg3
Kg7 34. Re7 Qd6+ 35. Kg4 Qxh2 36. Qc3+ Kg8 37. Re3 Qg2+ 38. Kh4 Qf2+ 39. Kg5
Rd5+ 40. Kg4 Qg2+ 0-1

[Event "CAN-ch U20"]
[Site "Toronto CAN"]
[Date "2010.05.03"]
[Round "6"]
[White "Martchenko, Alexander"]
[Black "Wang, Jesse BJ"]
[Result "1-0"]
[WhiteElo "2344"]
[BlackElo "2110"]
[PlyCount "59"]
[EventDate "2010.04.30"]
[EventType "swiss"]
[EventRounds "9"]
[EventCountry "CAN"]

1. e4 c5 2. Nf3 d6 3. d4 cxd4 4. Nxd4 Nf6 5. Nc3 a6 6. Bg5 e6 7. f4 Nbd7 8. Qe2
Qc7 9. O-O-O b5 10. a3 Bb7 11. g4 Rc8 12. Bg2 Qa5 13. Nb3 Qc7 14. Bh4 Nb6 15.
g5 Nfd7 16. f5 e5 17. Be1 Nc5 18. Kb1 Nba4 19. Nxa4 bxa4 20. Na5 Ba8 21. Bb4
Rb8 22. h4 Rb5 23. Nc4 Bc6 24. Qe1 h6 25. g6 f6 26. Na5 Ba8 27. Qc3 Kd8 28.
Rhe1 Nb7 29. Nxb7+ Rxb7 30. Ba5 1-0